Central Library OPAC University of Rajshahi

A place to live : (Record no. 16735)

MARC details
000 -LEADER
fixed length control field 00830nam a22002651 4500
001 - CONTROL NUMBER
control field 16735
003 - CONTROL NUMBER IDENTIFIER
rucl marc code BD-RjUL
005 - DATE AND TIME OF LATEST TRANSACTION
control field 20211209000038.0
008 - FIXED-LENGTH DATA ELEMENTS--GENERAL INFORMATION
fixed length control field 140215r19691967nyua b 001 0 eng
035 ## - SYSTEM CONTROL NUMBER
System control number (BD-RjUL)16790
040 ## - CATALOGING SOURCE
Original cataloging agency DLC
Transcribing agency DLC
Modifying agency DLC
-- BD-RjUL
Language of cataloging eng
041 ## - LANGUAGE CODE
Language code of text/sound track or separate title eng
082 00 - DEWEY DECIMAL CLASSIFICATION NUMBER
Classification number 724.9
Author mark and year ECP 1969
100 1# - MAIN ENTRY--PERSONAL NAME
Personal name Eckardt, Wolf von,
Dates associated with a name 1918-
9 (RLIN) 51689
245 12 - TITLE STATEMENT
Title A place to live :
Remainder of title the crisis of the cities /
Statement of responsibility, etc. Foreword by August Heckscher.
260 ## - PUBLICATION, DISTRIBUTION, ETC. (IMPRINT)
Place of publication, distribution, etc. New York :
Name of publisher, distributor, etc. Delacorte Press,
Date of publication, distribution, etc. c1967 [Reprinted 1969].
300 ## - PHYSICAL DESCRIPTION
Pagination xviii, 430 p. :
Illustrations ill. ;
Size 22 cm.
500 ## - GENERAL NOTE
General note "A Seymour Lawrence book."
504 ## - BIBLIOGRAPHY, ETC. NOTE
Bibliography, etc Bibliography: p. 409-414. and index.
650 #0 - SUBJECT ADDED ENTRY--TOPICAL TERM
Topical term or geographic name as entry element Architecture, Modern
Chronological subdivision 20th century.
9 (RLIN) 50847
Topical term or geographic name as entry element City planning.
9 (RLIN) 51690
942 ## - ADDED ENTRY ELEMENTS (KOHA)
Source of classification or shelving scheme Dewey Decimal Classification
Koha item type Books
Holdings
Lost status Source of classification or shelving scheme Damaged status Not for loan Collection code Permanent Location Current Location Shelving location Date acquired Source of acquisition Total Checkouts Full call number Date last seen Copy number Koha item type
  Dewey Decimal Classification   Not For Loan Non-fiction Central Library, University of Rajshahi Central Library, University of Rajshahi Reading Room 31/03/1977 Lions int.   724.9 ECP 1969 15/02/2014 C-1 Books